Normal view
MARC view
Entry Personal Name
001 - CONTROL NUMBER
- control field: 3730
003 - CONTROL NUMBER IDENTIFIER
- control field: OSt
005 - DATE AND TIME OF LATEST TRANSACTION
- control field: 20190322121727.0
008 - FIXED-LENGTH DATA ELEMENTS
- fixed length control field: 190322|| aca||aabn | a|a d
040 ## - CATALOGING SOURCE
- Original cataloging agency: OSt
- Transcribing agency: OSt
100 ## - HEADING--PERSONAL NAME
- Personal name: India. Labour Bureau
670 ## - SOURCE DATA FOUND
- Source citation: Work cat.: (OSt): Report on socio- economic conditions of scheduled tribe labour at Surat (1989), 1991
